Normal view
MARC view
- DORF, R.C
Entry Personal Name
001 - CONTROL NUMBER
- control field: 65959
003 - CONTROL NUMBER IDENTIFIER
- control field: NUST
005 - DATE AND TIME OF LATEST TRANSACTION
- control field: 20210628203520.0
008 - FIXED-LENGTH DATA ELEMENTS
- fixed length control field: 210628|| aca||aabn | a|a d
040 ## - CATALOGING SOURCE
- Original cataloging agency: NUST
- Transcribing agency: NUST
100 ## - HEADING--PERSONAL NAME
- Personal name: DORF, R.C
670 ## - SOURCE DATA FOUND
- Source citation: Work cat.: (NUST): DORF, R.C, INTERNATIOANL ENCYCLOPEDIA OF ROBOTICS , APPLICATIONS AND AUTOMATION VOL-3, 2046P
